Mothers and sons: preference formation and female labor force dynamics (Record no. 63689)

000 -LEADER
fixed length control field 00594pab a2200205 454500
008 - FIXED-LENGTH DATA ELEMENTS--GENERAL INFORMATION
fixed length control field 180718b2004 xxu||||| |||| 00| 0 eng d
100 ## - MAIN ENTRY--PERSONAL NAME
Personal name Fernandez, Raquel
245 ## - TITLE STATEMENT
Title Mothers and sons: preference formation and female labor force dynamics
260 ## - PUBLICATION, DISTRIBUTION, ETC.
Date of publication, distribution, etc. 2004
300 ## - PHYSICAL DESCRIPTION
Extent p.1249-299.
362 ## - DATES OF PUBLICATION AND/OR SEQUENTIAL DESIGNATION
Dates of publication and/or sequential designation Nov
650 ## - SUBJECT ADDED ENTRY--TOPICAL TERM
Topical term or geographic name entry element Mothers - United States
650 ## - SUBJECT ADDED ENTRY--TOPICAL TERM
Topical term or geographic name entry element Labour force - United States
650 ## - SUBJECT ADDED ENTRY--TOPICAL TERM
Topical term or geographic name entry element Women workers - United States
650 ## - SUBJECT ADDED ENTRY--TOPICAL TERM
Topical term or geographic name entry element Women workers
700 ## - ADDED ENTRY--PERSONAL NAME
Personal name Olivetti, Candia
700 ## - ADDED ENTRY--PERSONAL NAME
Personal name Fogil, Alessandra
773 ## - HOST ITEM ENTRY
Main entry heading Quarterly Journal of Economics
909 ## -
-- 63689
Holdings
Withdrawn status Lost status Damaged status Not for loan Permanent Location Current Location Date acquired Serial Enumeration / chronology Barcode Date last seen Price effective from Koha item type
        Indian Institute of Public Administration Indian Institute of Public Administration 2018-07-19 Volume no: 119, Issue no: 4 AR64139 2018-07-19 2018-07-19 Articles

Powered by Koha